| 000 | 02208nam a2200457 a 4500 | ||
|---|---|---|---|
| 001 | ebr10577765 | ||
| 003 | CaPaEBR | ||
| 006 | m u | ||
| 007 | cr cn||||||||| | ||
| 008 | 111116s2011 quca sb 101 0 eng d | ||
| 010 | _z 2011499683 | ||
| 020 | _z0773537805 (bound) | ||
| 020 | _z9780773538139 (pbk.) | ||
| 020 | _z0773538135 (pbk.) | ||
| 020 | _z9780773537804 | ||
| 020 | _z9780773586543 (e-book) | ||
| 040 |
_aCaPaEBR _cCaPaEBR |
||
| 035 | _a(OCoLC)809807600 | ||
| 050 | 1 | 4 |
_aQH438.5 _b.R69 2011eb |
| 082 | 0 | 4 |
_a576.5/3 _223 |
| 110 | 2 |
_aRoyal Society of Canada. _bSymposium _d(2007) |
|
| 245 | 1 | 0 |
_aChallenging genetic determinism _h[electronic resource] : _bnew perspectives on the gene in its multiple environments / _cedited by Louis Maheu and Roderick A. MacDonald. |
| 260 |
_aMontreal ; _aIthaca, N.Y. : _bMcGill-Queen's University Press, _cc2011. |
||
| 300 |
_axx, 319 p. : _bill. |
||
| 500 | _aPapers previously presented at the 2007 Fall Symposium of the Royal Society of Canada, under the auspices of the Social Sciences Academy, Academy II. | ||
| 504 | _aIncludes bibliographical references and index. | ||
| 505 | 0 | _asection 1. Genes and personality traits -- section 2. Social and ethical issues challenging genes and environment interplays -- section 3. Interactive models of genes and environment interplays : some examples and observations. | |
| 533 |
_aElectronic reproduction. _bPalo Alto, Calif. : _cebrary, _d2011. _nAvailable via World Wide Web. _nAccess may be limited to ebrary affiliated libraries. |
||
| 650 | 0 |
_aPersonality _xGenetic aspects _vCongresses. |
|
| 650 | 0 |
_aGenotype-environment interaction _vCongresses. |
|
| 650 | 0 |
_aPhenotype _vCongresses. |
|
| 650 | 0 |
_aBehavior genetics _vCongresses. |
|
| 650 | 0 |
_aHuman genetics _xMoral and ethical aspects _vCongresses. |
|
| 650 | 0 |
_aHuman genetics _xResearch _vCongresses. |
|
| 655 | 7 |
_aElectronic books. _2local |
|
| 700 | 1 | _aMaheu, Louis. | |
| 700 | 1 | _aMacdonald, Roderick A. | |
| 710 | 2 |
_aRoyal Society of Canada. _bAcademy II. |
|
| 710 | 2 | _aebrary, Inc. | |
| 856 | 4 | 0 |
_uhttp://site.ebrary.com/lib/rucke/Doc?id=10577765 _zAn electronic book accessible through the World Wide Web; click to view |
| 999 |
_c86821 _d86821 |
||